000 00483nam a22001217a 4500
999 _c6834
_d6834
008 200330b ||||| |||| 00| 0 eng d
100 _aThe United Republic of Tanzania
245 _aPopulation Distribution by Administrative units
_b2012 Population and Housing Cencus
_cThe United Republic of Tanzania
_hEnglish
260 _aDar Es Salaam
_bNational Bureau of Statistics
_c2013
300 _axix,244p.
_bIllustration
_c29cm
650 _2Population and Housing Census
942 _2ddc
_cBOOKS